000 00858nam a2200241Ia 4500
003 GCL
008 140319s9999 xx 000 0 ara d
040 _aGCL /
_cGCL
082 0 4 _aق
_b932
_bك ف
100 1 _aمحمود ماهر طه
245 1 0 _aفرعون المجد والانتصار رمسيس الثانى ملك مصر /
_cمحمود ماهر طه
700 1 _aكتشن، كنت ا.
700 1 _aاحمد زهير امين
260 _aالقاهرة :
_bالهيئة المصرية العامة للكتاب ،
_c1997
300 _a351 ص:
_bايض ؛
_c24 سم
490 _aالالف كتاب الثانى
_v232
650 0 4 _aمصر القديمة
650 0 4 _aالتاريخ
650 0 4 _aالحضارة الفرعونية
650 0 4 _aالاثار الفرعونية
650 0 4 _aرمسيس الثانى
942 _2ddc
_cBK
999 _c52067
_d52067